Normal view
MARC view
- Saeed Salman Tallat
Entry Personal Name
001 - CONTROL NUMBER
- control field: 9540
003 - CONTROL NUMBER IDENTIFIER
- control field: NUST
005 - DATE AND TIME OF LATEST TRANSACTION
- control field: 20180122164225.0
008 - FIXED-LENGTH DATA ELEMENTS
- fixed length control field: 180122|| aca||aabn | a|a d
040 ## - CATALOGING SOURCE
- Original cataloging agency: NUST
- Transcribing agency: NUST
100 ## - HEADING--PERSONAL NAME
- Personal name: Saeed Salman Tallat
670 ## - SOURCE DATA FOUND
- Source citation: Work cat.: (NUST)321591: Saeed Salman Tallat, Younas Imria, 1974
